Исследование оптических характеристик наноструктурированных керамик, на основе алюмомагниевой шпинели, полученных методом искрового плазменного спекания; Высокие технологии в современной науке и технике (ВТСНТ-2017)

Xehetasun bibliografikoak
Parent link:Высокие технологии в современной науке и технике (ВТСНТ-2017).— 2017.— [С. 146-147]
Egile nagusia: Калинин Р. Ростислав
Erakunde egilea: Национальный исследовательский Томский политехнический университет (ТПУ) Институт физики высоких технологий (ИФВТ) Кафедра лазерной и световой техники (ЛиСТ)
Beste egile batzuk: Степанов С. А. Сергей Александрович (научный руководитель), Валиев Д. Т. Дамир Талгатович
Gaia:Заглавие с титульного экрана
Hizkuntza:errusiera
Argitaratua: 2017
Saila:Оптические технологии
Gaiak:
Sarrera elektronikoa:http://earchive.tpu.ru/handle/11683/45517
Formatua: MixedMaterials Baliabide elektronikoa Liburu kapitulua
KOHA link:https://koha.lib.tpu.ru/cgi-bin/koha/opac-detail.pl?biblionumber=625394

MARC

LEADER 00000naa2a2200000 4500
001 625394
005 20240208144721.0
035 |a (RuTPU)RU\TPU\conf\24654 
035 |a RU\TPU\conf\24652 
090 |a 625394 
100 |a 20171213d2017 k y0rusy50 ca 
101 0 |a rus 
102 |a RU 
105 |a y z 101zy 
135 |a drcn ---uucaa 
181 0 |a i  
182 0 |a b 
200 1 |a Исследование оптических характеристик наноструктурированных керамик, на основе алюмомагниевой шпинели, полученных методом искрового плазменного спекания  |f Р. Калинин, С. А. Степанов  |g науч. рук. Д. Т. Валиев 
203 |a Текст  |c электронный 
225 1 |a Оптические технологии 
300 |a Заглавие с титульного экрана 
320 |a [Библиогр.: с. 147 (5 назв.)] 
463 1 |0 (RuTPU)RU\TPU\conf\24481  |t Высокие технологии в современной науке и технике (ВТСНТ-2017)  |o сборник научных трудов VI Международной научно-технической конференции молодых ученых, аспирантов и студентов, г. Томск, 27–29 ноября 2017 г.  |f Национальный исследовательский Томский политехнический университет (ТПУ) ; под ред. А. Н. Яковлева  |v [С. 146-147]  |d 2017 
610 1 |a электронные ресурсы 
610 1 |a труды учёных ТПУ 
610 1 |a фотоника 
610 1 |a оптические материалы 
610 1 |a приборостроение 
610 1 |a материаловедение 
610 1 |a поликристаллическая керамика 
700 1 |a Калинин  |b Р.  |c специалист в области оптотехники  |c программист Томского политехнического университета  |f 1991-  |g Ростислав  |3 (RuTPU)RU\TPU\pers\46779 
701 1 |a Степанов  |b С. А.  |c специалист в области светотехники  |c инженер Томского политехнического университета  |f 1986-  |g Сергей Александрович  |3 (RuTPU)RU\TPU\pers\30150  |9 14555 
702 1 |a Валиев  |b Д. Т.  |c специалист в области светотехники  |c инженер Томского политехнического университета  |f 1987-  |g Дамир Талгатович  |4 727 
712 0 2 |a Национальный исследовательский Томский политехнический университет (ТПУ)  |b Институт физики высоких технологий (ИФВТ)  |b Кафедра лазерной и световой техники (ЛиСТ)  |3 (RuTPU)RU\TPU\col\18690 
801 2 |a RU  |b 63413507  |c 20210302  |g RCR 
856 4 |u http://earchive.tpu.ru/handle/11683/45517 
942 |c BK